00519nam a2200133 a 4500040000800000082002600008245008100034260013000115300002800245500002300273650002300296650001900319710004700338 cDLC00a515 DAS 1982 A058 Or.00aBifurcation, th©♭orie ergodique et applications :bDijon, 22-26 juin 1981 aParis :bSoci©♭t©♭ math©♭matique de France ;aProvidence, R.I. :bDistribution, American Mathematical Society,c1982 a225 p. :bill. ;c24 cm aFrench and English 0aBifurcation theory 0aErgodic theory2 aSoci©♭t©♭ math©♭matique de France